| 000 | 00958nam a2200277 i 4500 | ||
|---|---|---|---|
| 001 | 31340 | ||
| 003 | ES-MaACL | ||
| 005 | 20250805064133.0 | ||
| 007 | t| | ||
| 008 | 030129s1916 sp ||||1| spa d | ||
| 100 | 1 |
_aBaudelaire, Charles. _926513 |
|
| 245 | 1 | 4 |
_aLas flores del mal / _cCharles Baudelaire ; poesías precedidas de una noticia biográfica por Teófilo Gautier ; traducción por Eduardo Marquina. |
| 250 | _a2ª ed. | ||
| 260 |
_aMadrid : _b[s.n., _c1916] ( _fFortanet) |
||
| 300 |
_a410 p. ; _c19 cm. |
||
| 505 | 8 | _aContiene: Spleen e ideal. Cuadros de la ciudad de París. El vino. Rebelión. La muerte | |
| 700 | 1 |
_aGautier, Théophile, _d1811-1872 _9170960 |
|
| 700 | 1 |
_aMarquina, Eduardo, _d1879-1946 _977043 |
|
| 740 | 0 | _aSpleen e ideal. | |
| 740 | 0 | _aCuadros de la ciudad de París. | |
| 740 | 3 | _aEl vino. | |
| 740 | 0 | _aRebelión. | |
| 740 | 3 | _aLa muerte. | |
| 852 |
_aES-MaACL _jF-9994 |
||
| 999 |
_c31340 _d31340 |
||